000 00565nam a2200193Ia 4500
005 20250923150048.0
008 008 250917s9999 xx 000 0 eng d
037 _aTextual
040 _aDSWL
_beng
_cDSWL
041 _aeng
_2eng
084 _qDSWL
100 _aNepal, Human
_9841792
245 0 _aPreliminary study on mental retardation as it refers to children in Nepal
_c by Human Nepal
260 _aKhamandu
_bHANDS Publication
_c1979
300 _a235p.
700 _a Dev. Service Nat
_9841793
942 _cTEXL
999 _c1459118
_d1459118